| 000 | 01003nam a22003730a 4500 | ||
|---|---|---|---|
| 001 | PT30323 | ||
| 003 | AR-LpoUNG | ||
| 005 | 20240429103305.0 | ||
| 008 | 191001s1973||||mx |||||||||||||||||spa d | ||
| 040 |
_aAR-LpoUNG _bspa _cAR-LpoUNG _eaacr |
||
| 041 | _aspa | ||
| 044 | _amx | ||
| 082 | 0 | _a305.5 373pop | |
| 100 | 1 | _aGermani, Gino | |
| 245 | 1 | 0 | _aPopulismo y contradicciones de clase en Latinoamérica |
| 250 | _a1ra. ed. | ||
| 260 |
_aMéxico, D. F. : _bEra, _c1973. |
||
| 300 |
_a150 p. : _btbls., gráfs. |
||
| 505 | 0 | _aSelección y presentación de Octavio Ianni | |
| 650 | 4 | _aANALISIS HISTORICO | |
| 650 | 4 | _aANALISIS SOCIOLOGICO | |
| 650 | 4 | _aARGENTINA | |
| 650 | 4 | _aCLASES SOCIALES | |
| 650 | 4 | _aDEMOCRACIA | |
| 650 | 4 | _aHISTORIA | |
| 650 | 4 | _aHISTORIA POLITICA | |
| 650 | 4 | _aHISTORIA SOCIAL | |
| 650 | 4 | _aSOCIOLOGIA | |
| 653 | 0 | _aPENSAMIENTO LATINOAMERICANO | |
| 700 | 1 | _aDi Tella, Torcuato | |
| 700 | 1 | _aIanni, Octavio | |
| 905 | _a30323 | ||
| 942 |
_cLIB _2ddc |
||
| 999 |
_c21724 _d21724 |
||